00577nam a2200181 a 450000100100000000500170001000800410002704000250006808200190009310000230011224500620013526000630019730000270026050400500028765000270033765000160036465000150038000000783920200929154321.0090911s1956 dr a 001 0 spa d aDO-SdBNPbspacBNPHU a617.645bG216c1 aGarcía Godoy, F.10aCompendio de odontología infantil /cF. García Godoy. aCiudad Trujillo, República Dominicana :b[s. n.],c1956. a152 p. :bil ;c22 cm. aIncluye referencias bibliográficas [p. 141] 4aOdontología infantil 4aDentición 4aGingivitis